000 00595nam a2200181Ia 4500
001 9166
005 20260306160703.0
008 260306t2012||||xx |||||||||||||| ||spa||
041 _aESP
082 _a374
_bI59A
100 _aInstituto Peruano de Evaluación, Acreditación y Certificación de la Calidad de la Educación Básica
_eAUT
245 0 _aSaber hacer en los andes del Perú:
_bsistematización de la certificación de competencias de extensionistas en ganadería de bovinos 2011
260 _c2012
300 _a
_c
650 _aGEN
654 _aCED
942 _cLIB
_dJUS
_fJUS
_2ddc
_n
999 _c9166
_d9166